European community law text and materials

Saved in:
Bibliographic Details
Format: Book
Language:English
Published: Harlow Longman 1995
Subjects:
Tags: Add Tag
No Tags, Be the first to tag this record!

MARC

LEADER 00000nam a2200000 4500
001 c117251
005 20231215115121.2
020 |a 0-582-08975-1 
041 0 |a eng 
044 |a GB 
245 1 0 |a European community law  |b text and materials 
264 1 |a Harlow  |b Longman  |c 1995 
300 |a [593] s. 
610 2 0 |a právo 
610 2 0 |a právo európske 
610 2 0 |a právo medzinárodné 
610 2 0 |a parlamenty 
610 2 0 |a Rada Európy 
610 2 0 |a Európske spoločenstvá 
610 2 0 |a procesy rozhodovacie 
610 2 0 |a legalizácia 
610 2 0 |a konkurencia 
610 2 0 |a politika sociálna 
610 2 0 |a obchod voľný 
610 2 0 |a pohyb síl pracovných medzinárodný